000 00328pam a2200157a 44500
008 230515b2007 xxu||||| |||| 00| 0 eng d
020 _aNULL
041 _aENGLISH
082 _a0
100 _aFENICAL L,
245 _aCONTROL SYSTEM,
250 _a0
260 _a
_bDELMAR PUB
_c2007
300 _a394
650 _aNULL
999 _c592799
_d592799